000 00822nam a22002297a 4500
999 _c9381
_d9381
003 AR-CdUCM
008 190327b ||||| |||| 00| 0 spa d
040 _aMUNICIPALIDAD PROVINCIAL DEL CUSCO
_cBIBLIOTECA MUNICIPAL DEL CUSCO
082 _aC / 343.2 /
_bV78
100 _aVizcarra, Julio A.
_916673
245 _aNecesidad de una Reforma Constitucional /
260 _aCuzco :
_bH. G. Rozas,
_c1964.
300 _a126 páginas ;
_c22 cm.
500 _aDonación de la familia Nieto Dedicatoria a Luis Nieto
505 _aContenido: Nacionalidad de la mujer -- perdida de la nacionalidad -- garantias financieras -- garantias monetarias -- los intereses...
650 _aLiteratura
_983
650 _aMujer
_9143
650 _aJuramento
_925544
650 _aIntereses
_914780
942 _2ddc
_cLIBROS
945 _apjha